Statistics for Main Export Of Every Country Map Quiz

Click here to take the quiz!

General Stats

  • This quiz has been taken 187 times
  • The average score is 92 of 196

Answers on the Map

Answers color-coded by a green-red scale on the quiz's map according to % correct below.
Loading ...
 

Answer Stats

Country% Correct
Libya(Oil)
96%
Syria(Oil)
96%
Kuwait(Oil)
96%
Iraq(Oil)
96%
Indonesia(Oil)
96%
Lithuania(Oil)
96%
Ghana(Oil)
96%
Mexico(Oil)
96%
Gabon(Oil)
96%
Fiji(Oil)
96%
Egypt(Oil)
96%
East Timor(Oil)
96%
Chad(Oil)
96%
Cameroon(Oil)
96%
Brunei(Oil)
96%
Kazakhstan(Oil)
96%
Algeria(Oil)
96%
United Arab Emirates(Oil)
96%
Angola(Oil)
96%
Yemen(Oil)
96%
Azerbaijan(Oil)
96%
Canada(Cars)
83%
Thailand(Cars)
83%
Germany(Cars)
83%
Japan(Cars)
83%
Serbia(Cars)
83%
Slovakia(Cars)
83%
Tanzania(Gold)
80%
Dominican Republic(Gold)
80%
Uzbekistan(Gold)
80%
South Africa(Gold)
80%
Eritrea(Gold)
80%
Sudan(Gold)
80%
Kyrgyzstan(Gold)
80%
South Sudan(Gold)
80%
Kiribati(Fish)
79%
Guinea-Bissau(Fish)
79%
Iceland(Fish)
79%
Senegal(Fish)
79%
Samoa(Fish)
79%
Maldives(Fish)
79%
Federated States of
Micronesia(Fish)
79%
Papua New Guinea(Gas)
73%
Turkmenistan(Gas)
73%
Qatar(Gas)
73%
Latvia(Wood)
71%
Solomon Islands(Timber)
71%
Myanmar(Teak)
71%
Ethiopia(Coffee)
68%
Honduras(Coffee)
68%
Nicaragua(Coffee)
68%
Madagascar(Coffee)
68%
Uganda(Coffee)
68%
El Salvador(Coffee)
68%
Ivory Coast(Coffee)
68%
Rwanda(Coffee)
68%
Burundi(Coffee)
68%
Namibia(Diamonds)
64%
Botswana(Diamonds)
64%
Armenia(Diamonds)
64%
Democratic Republic
of the Congo(Diamonds)
64%
Uruguay(Beef)
59%
Mongolia(Copper)
58%
Peru(Copper)
58%
Zambia(Copper)
58%
Chile(Copper)
58%
North Korea(Coal)
57%
Finland(Electronics)
53%
Philippines(Electronics)
53%
Taiwan(Electronics)
53%
Malaysia(Electronics)
53%
South Korea(Electronics)
53%
Swaziland(Sugar)
47%
Benin(Cotton)
47%
Barbados(Sugar)
47%
Burkina Faso(Cotton)
47%
Guatemala(Sugar)
47%
Togo(Cotton)
47%
Guyana(Sugar)
47%
Niger(Uranium)
47%
Mali(Cotton)
47%
Belize(Sugar)
47%
Cuba(Sugar)
47%
Macedonia(Fruit)
46%
Panama(Fruit)
46%
Fruit(Afghanistan)
46%
Cyprus(Fruit)
46%
Costa Rica(Bananas)
45%
Dominica(Bananas)
45%
Saint Vincent and the
Grenadines(Bananas)
45%
Saint Lucia(Bananas)
45%
Bosnia and
Herzegovina(Petroleum)
39%
Bahrain(Petroleum)
39%
Greece(Petroleum)
39%
Saudi Arabia(Petroleum)
39%
Trinidad and Tobago(Petroleum)
39%
India(Petroleum)
39%
Russia(Petroleum)
39%
Cape Verde(Petroleum)
39%
Republic of the Congo(Petroleum)
39%
Equatorial Guinea(Petroleum)
39%
Iran(Petroleum)
39%
Nigeria(Petroleum)
39%
Venezuela(Petroleum)
39%
Ecuador(Petroleum)
39%
Norway(Petroleum)
39%
Oman(Petroleum)
39%
Colombia(Petroleum)
39%
São Tomé and Príncipe(Cocoa)
37%
Kenya(Tea)
37%
Jordan(Textiles)
36%
Pakistan(Textiles)
36%
Sri Lanka(Textiles)
36%
Liberia(Rubber)
32%
Turkey(Clothing)
31%
Antigua and Barbuda(Clothing)
31%
Vietnam(Clothing)
31%
Lesotho(Clothing)
31%
Cambodia(Clothing)
31%
Mauritius(Clothing)
31%
Tunisia(Clothing)
31%
Haiti(Clothing)
31%
Morocco(Clothing)
31%
Bangladesh(Clothing)
31%
Nepal(Clothing)
31%
Malawi(Tobacco)
29%
Andorra(Tobacco)
29%
Tuvalu(Coconut)
28%
Australia(Iron Ore)
28%
Vanuatu(Coconut)
28%
Sierra Leone(Iron Ore)
28%
Zimbabwe(Platinum)
28%
Marshall Islands(Coconut)
28%
Mauritania(Iron Ore)
28%
Tajikistan(Aluminium)
27%
Suriname(Aluminium)
27%
Montenegro(Aluminium)
27%
Jamaica(Aluminium)
27%
Mozambique(Aluminium)
27%
Italy(Machinery)
26%
Spain(Machinery)
26%
Malta(Machinery)
26%
Sweden(Machinery)
26%
Switzerland(Machinery)
26%
Belgium(Machinery)
26%
Israel(Machinery)
26%
China(Machinery)
26%
Hungary(Machinery)
26%
Luxembourg(Machinery)
26%
Liechtenstein(Machinery)
26%
Austria(Machinery)
26%
United Kingdom(Machinery)
26%
Ireland(Machinery)
26%
Belarus(Machinery)
26%
Romania(Machinery)
26%
Singapore(Machinery)
26%
France(Machinery)
26%
Estonia(Machinery)
26%
Netherlands(Machinery)
26%
Poland(Machinery)
26%
Croatia(Machinery)
26%
Saint Kitts and Nevis(Machinery)
26%
Denmark(Machinery)
26%
Czech Republic(Machinery)
26%
Somalia(Livestock)
23%
Argentina(Livestock)
23%
San Marino(Stone)
22%
New Zealand(Dairy Products)
21%
Laos(Electricity)
20%
Bahamas(Plastics)
20%
Kosovo(Minerals)
20%
Bhutan(Electricity)
20%
Bulgaria(Chemicals)
19%
Slovenia(Chemicals)
19%
Ukraine(Metals)
17%
Seychelles(Tuna)
15%
Georgia(Vehicles)
15%
Central African Republic(Vehicles)
15%
United States(Foodstuffs)
13%
Moldova(Foodstuffs)
13%
Portugal(Foodstuffs)
13%
Comoros(Vanilla)
11%
Grenada(Nutmeg)
10%
Monaco(Ceramics)
10%
Albania(Chromium)
9%
Bolivia(Soyabeans)
9%
Gambia(Peanuts)
9%
Brazil(Soya Beans)
9%
Paraguay(Soya Beans)
9%
Guinea(Bauxite)
7%
Lebanon(Jewelry)
7%
Vatican City
7%
Nauru(Phosphates)
5%
Palau(Shellfish)
5%
Tonga(Squash)
2%
Djibouti(Charcoal)
2%

Score Distribution

Percentile by Number Answered

Percent of People with Each Score

Your Score History

You have not taken this quiz